01991nam a2200373 a 4500001001200000003000800012006001900020007001500039008004100054010001700095020002900112020002700141040002100168035002100189050002500210082001800235100002000253245012400273260003500397300003800432490004400470504005100514505010400565520049100669533015201160650002201312650002301334655002901357700002401386710001701410830004501427856012601472999001901598ebr10579525CaPaEBRm u cr cn|||||||||111012s2012 njua sb 001 0 eng d z 2011042857 z9781118072721 (hardback) z9781118266120 (e-book) aCaPaEBRcCaPaEBR a(OCoLC)80834548514aQC446.2b.S72 2012eb04a621.36/942231 aStegeman, G. I.10aNonlinear opticsh[electronic resource] :bphenomena, materials, and devices /cGeorge I. Stegeman, Robert A. Stegeman. aHoboken, N.J. :bWiley,c2012. axiii, 472 p. :bill. (some col.).1 aWiley series in pure and applied optics aIncludes bibliographical references and index.0 apt. A. Second-order phenomena -- pt. B. Nonlinear susceptibilities -- pt. C. Third-order phenomena. a"This book is based on tried and tested courses taught by the author, George Stegeman, who is one of the experimental pioneers in nonlinear optics. The book starts with second order phenomena, goes on to explain the derivation of nonlinear susceptibilities, and finishes with a thorough discussion of third order nonlinear effects. Included is a simple "electron on a spring" model which helps readers begin their journey through the field of nonlinear optics"--cProvided by publisher. aElectronic reproduction.bPalo Alto, Calif. :cebrary,d2013.nAvailable via World Wide Web.nAccess may be limited to ebrary affiliated libraries. 0aNonlinear optics. 0aLightxScattering. 7aElectronic books.2local1 aStegeman, Robert A.2 aebrary, Inc. 0aWiley series in pure and applied optics.40uhttp://site.ebrary.com/lib/rucke/Doc?id=10579525zAn electronic book accessible through the World Wide Web; click to view c187730d187730